Elements 1-88 (minus 57-71) by Symbol - Statistics

General Stats
  • This quiz has been taken 161 times
    139 since last reset
  • The average score is 56 of 60
Answer Stats
Symbol # Answer % Correct
Al 13 Aluminum
100%
Ar 18 Argon
100%
Be 4 Beryllium
100%
B 5 Boron
100%
Br 35 Bromine
100%
C 6 Carbon
100%
Cl 17 Chlorine
100%
Cr 24 Chromium
100%
Co 27 Cobalt
100%
Cu 29 Copper
100%
F 9 Fluorine
100%
Fr 87 Francium
100%
Ge 32 Germanium
100%
Au 79 Gold
100%
He 2 Helium
100%
H 1 Hydrogen
100%
I 53 Iodine
100%
Fe 26 Iron
100%
Kr 36 Krypton
100%
Pb 82 Lead
100%
Li 3 Lithium
100%
Mg 12 Magnesium
100%
Mn 25 Manganese
100%
Ne 10 Neon
100%
Ni 28 Nickel
100%
N 7 Nitrogen
100%
O 8 Oxygen
100%
P 15 Phosphorus
100%
Pt 78 Platinum
100%
K 19 Potassium
100%
Ra 88 Radium
100%
Si 14 Silicon
100%
Ag 47 Silver
100%
Na 11 Sodium
100%
S 16 Sulfur
100%
Ti 22 Titanium
100%
W 74 Tungsten
100%
V 23 Vanadium
100%
Xe 54 Xenon
100%
Zr 40 Zirconium
100%
Rb 37 Rubidium
94%
Zn 30 Zinc
94%
Ca 20 Calcium
93%
In 49 Indium
93%
Os 76 Osmium
93%
Rn 86 Radon
93%
Sn 50 Tin
93%
Y 39 Yttrium
93%
Ba 56 Barium
92%
Bi 83 Bismuth
92%
Cs 55 Cesium
92%
Ir 77 Iridium
92%
Nb 41 Niobium
92%
Rh 45 Rhodium
92%
Sc 21 Scandium
92%
Ga 31 Gallium
87%
Pd 46 Palladium
87%
Cd 48 Cadmium
86%
Sr 38 Strontium
86%
Te 52 Tellurium
86%
Hf 72 Hafnium
85%
Re 75 Rhenium
85%
Tc 43 Technetium
85%
As 33 Arsenic
83%
At 85 Astatine
83%
Hg 80 Mercury
83%
Mo 42 Molybdenum
83%
Sb 51 Antimony
82%
Po 84 Polonium
79%
Ta 73 Tantalum
79%
Tl 81 Thallium
79%
Ru 44 Ruthenium
73%
Se 34 Selenium
67%
No matching quizzes found
Score Distribution
Percent of People with Each Score
Percentile by Number Answered
Your Score History
You have not taken this quiz since the last reset